[Event "Championnat de France - Accession"]
[Site "Chartres"]
[Date "2005.08.21"]
[Round "6.19"]
[White "Boukobza, Adrien"]
[Black "Roos, Louis"]
[Result "0-1"]
[WhiteElo "2164"]
[BlackElo "2334"]
[PlyCount "122"]
[EventDate "2005.??.??"]

1. d4 g6 2. c4 f5 3. Nc3 Nf6 4. g3 Bg7 5. Bg2 O-O 6. Nf3 d6 7. d5 Qe8 8. Nd4
Na6 9. O-O Bd7 10. e4 fxe4 11. Nxe4 Nxe4 12. Bxe4 c6 13. Nb3 e6 14. dxc6 Bxc6
15. Re1 Qf7 16. f4 Bxe4 17. Rxe4 d5 18. cxd5 exd5 19. Re2 d4 20. Nxd4 Rad8 21.
Rd2 Nc5 22. Nf3 Rxd2 23. Qxd2 Re8 24. Qc2 Qd5 25. Ne5 Qd4+ 26. Qf2 Bxe5 27.
fxe5 Qxf2+ 28. Kxf2 Nd3+ 29. Kf1 Rxe5 30. Bh6 Nxb2 31. Rb1 Rb5 32. Rc1 Rh5 33.
Rc8+ Kf7 34. Rc7+ Ke6 35. Rxb7 Rxh2 36. Bg7 Nc4 37. Rxa7 Ne3+ 38. Ke1 Nf5 39.
g4 Nxg7 40. Rxg7 Kf6 41. Ra7 Kg5 42. Ra4 Kh4 43. Kf1 g5 44. Kg1 Rc2 45. Kf1 Kh3
46. a3 h5 47. gxh5 g4 48. Ra6 g3 49. Rg6 g2+ 50. Kg1 Rc1+ 51. Kf2 Rf1+ 52. Ke3
g1=Q+ 53. Rxg1 Rxg1 54. h6 Kg4 55. Kd4 Kf5 56. Kc5 Ke6 57. Kb6 Kd7 58. a4 Kc8
59. h7 Rh1 60. Ka7 Rxh7+ 61. Ka8 Rh5 0-1

[Event "Championnat de France - Accession"]
[Site "Chartres"]
[Date "2005.08.21"]
[Round "6.20"]
[White "Ragot, Nicolas"]
[Black "Bernard, Christophe"]
[Result "1/2-1/2"]
[WhiteElo "2156"]
[BlackElo "2321"]
[PlyCount "115"]
[EventDate "2005.??.??"]

1. c4 Nf6 2. g3 c6 3. Bg2 d5 4. Nf3 e6 5. O-O Be7 6. b3 O-O 7. Bb2 Nbd7 8. d3
a5 9. a3 b5 10. Nbd2 Bb7 11. Qc2 Qb6 12. e4 bxc4 13. bxc4 dxc4 14. dxc4 Nc5 15.
e5 Nfd7 16. Rab1 Qc7 17. Rfe1 Rfd8 18. Nd4 Nxe5 19. Nxe6 Nxe6 20. Bxe5 Qd7 21.
Ne4 Bxa3 22. Bxg7 Kxg7 23. Qc3+ Qd4 24. Qxa3 Ba6 25. Qxa5 Bxc4 26. Qh5 Rd5 27.
Qg4+ Rg5 28. Qh4 Ra2 29. Rbd1 Qb6 30. g4 Rg6 31. Qg3 Be2 32. Qe5+ Kf8 33. Rb1
Bb5 34. Qh5 Rg8 35. Qxh7 Rxg4 36. Qh6+ Rg7 37. Qh8+ Ke7 38. Qh4+ Kf8 {=} 39.
Nf6 Qd4 40. Qh8+ Ke7 41. Qxg7 Qxf2+ 42. Kh1 Qxf6 43. Qg3 Qf2 44. Rbc1 Qxg3 45.
hxg3 Ra3 46. Kh2 Ra2 47. Kh1 Ra3 48. Kh2 Ra2 49. Kg1 Ra3 50. Kf2 Ra2+ 51. Kg1
Ra3 52. Kf2 Ra2+ {=} 53. Kf3 Kf6 54. Bf1 Ng5+ 55. Ke3 Ra3+ 56. Kf2 Ra2+ 57. Ke3
Ra3+ 58. Kf2 1/2-1/2

[Event "Championnat de France - Open A"]
[Site "Chartres"]
[Date "2005.??.??"]
[Round "6.2"]
[White "Guez, Fabien"]
[Black "Entem, Alan"]
[Result "0-1"]
[WhiteElo "2165"]
[BlackElo "2127"]
[PlyCount "70"]
[EventDate "2005.??.??"]

1. e4 c5 2. Nf3 Nc6 3. d4 cxd4 4. Nxd4 g6 5. Nc3 Bg7 6. Be3 Nf6 7. Bc4 O-O 8.
Bb3 Qa5 9. O-O d6 10. h3 Bd7 11. Re1 Rfe8 12. Nf3 b5 13. Bg5 b4 14. Nd5 Nxd5
15. exd5 Ne5 16. Nd4 Rac8 17. a3 bxa3 18. Rxa3 Qc7 19. Qa1 Ra8 20. Qa2 a5 21.
Be3 Red8 22. Ba4 Rdc8 23. Bxd7 Qxd7 24. b3 Qb7 25. f4 Nd7 26. Nc6 Nb8 27. Nxb8
Bc3 28. Re2 Raxb8 29. Bd2 Qb5 30. Kf2 Qxd5 31. Bxc3 Rxc3 32. Ra4 Rbc8 33. Rc4
R3xc4 34. bxc4 Rxc4 35. Rxe7 Rxf4+ 0-1

[Event "Championnat de France - Open A"]
[Site "Chartres"]
[Date "2005.??.??"]
[Round "6.4"]
[White "Chaillot, Alain"]
[Black "Bianchi, Guillaume"]
[Result "0-1"]
[WhiteElo "2109"]
[BlackElo "2155"]
[PlyCount "80"]
[EventDate "2005.??.??"]

1. c4 e5 2. Nc3 Nf6 3. g3 d5 4. cxd5 Nxd5 5. Bg2 Nb6 6. Nf3 Nc6 7. O-O Be7 8.
a3 O-O 9. d3 Be6 10. b4 f6 11. Nd2 Qc8 12. Bb2 a5 13. b5 Nd4 14. e3 Nf5 15. Rc1
a4 16. e4 Nd6 17. Nd5 Bxd5 18. exd5 Nxb5 19. Nc4 Nd7 20. d6 Nxd6 21. Bh3 Qe8
22. Ne3 c6 23. d4 exd4 24. Qxd4 Ne5 25. f4 Nef7 26. Rfe1 Qd8 27. Qd1 Re8 28.
Kh1 Ne4 29. Qf3 Bf8 30. Re2 Nfd6 31. Rce1 Qa5 32. Nd1 Qd5 33. Bg2 f5 34. g4 Qb3
35. Re3 Qf7 36. gxf5 Nf6 37. Re6 Nxf5 38. Rxe8 Rxe8 39. Rg1 Bc5 40. Rf1 Qb3 0-1

[Event "Championnat de France - Open A"]
[Site "Chartres"]
[Date "2005.??.??"]
[Round "6.5"]
[White "Rigolot, Matthieu"]
[Black "Milanovic, Dino"]
[Result "1-0"]
[WhiteElo "2121"]
[BlackElo "2148"]
[PlyCount "57"]
[EventDate "2005.??.??"]

1. d4 d5 2. c4 Nc6 3. Nc3 e5 4. cxd5 Nxd4 5. e3 Nf5 6. Nf3 Bd6 7. e4 Nfe7 8.
Bb5+ Kf8 9. O-O h6 10. Nd2 g5 11. Be2 Nf6 12. Nc4 Ng6 13. Nxd6 cxd6 14. Re1 Nf4
15. Bf1 Qd7 16. Be3 a6 17. Na4 Qg4 18. Qxg4 Bxg4 19. Nb6 Rd8 20. f3 Bd7 21. g3
Ng6 22. Rac1 Ne8 23. Nxd7+ Rxd7 24. Bh3 Re7 25. Bb6 h5 26. Bd8 g4 27. Bxe7+
Nxe7 28. fxg4 h4 29. Kg2 1-0

[Event "Championnat de France - Open A"]
[Site "Chartres"]
[Date "2005.08.21"]
[Round "6.6"]
[White "Lafaurie, Pierre"]
[Black "Pieroni, Guillaume"]
[Result "1/2-1/2"]
[WhiteElo "2144"]
[BlackElo "2097"]
[PlyCount "27"]
[EventDate "2005.??.??"]

1. d4 e6 2. Nf3 Nf6 3. c4 d5 4. g3 Be7 5. Bg2 O-O 6. O-O Nbd7 7. Nbd2 c5 8. b3
b6 9. Bb2 Bb7 10. Rc1 Rc8 11. Ne5 cxd4 12. Bxd4 Nxe5 13. Bxe5 Qd7 14. cxd5
1/2-1/2

[Event "Championnat de France - Open A"]
[Site "Chartres"]
[Date "2005.08.21"]
[Round "6.7"]
[White "Milesi, Laurent"]
[Black "Faucher, Stephane"]
[Result "1-0"]
[WhiteElo "2144"]
[BlackElo "2082"]
[PlyCount "51"]
[EventDate "2005.??.??"]

1. e4 d6 2. d4 Nf6 3. Nc3 g6 4. Bc4 c6 5. Qe2 Bg7 6. e5 Nd5 7. Bd2 O-O 8. O-O-O
Be6 9. f4 Nxc3 10. Bxc3 Bxc4 11. Qxc4 Qc7 12. h4 h5 13. g4 hxg4 14. h5 d5 15.
Qe2 f5 16. hxg6 e6 17. Qh2 Re8 18. Bb4 Re7 19. Qh4 Kf8 20. Bd6 Qd7 {#} 21. Qf6+
Bxf6 22. exf6 Kg8 23. Bxe7 Na6 24. Rh7 Rf8 25. Rg7+ Kh8 26. Bxf8 1-0

[Event "Championnat de France - Open A"]
[Site "Chartres"]
[Date "2005.??.??"]
[Round "6.9"]
[White "Moussard, Jules"]
[Black "Lagunes, Jean-Renaud"]
[Result "1-0"]
[WhiteElo "2054"]
[BlackElo "2131"]
[PlyCount "59"]
[EventDate "2005.??.??"]

1. e4 d5 2. exd5 Qxd5 3. Nc3 Qa5 4. d4 Nf6 5. Bd2 Bg4 6. f3 Bd7 7. Bc4 Qb6 8.
Nge2 e6 9. O-O Be7 10. Kh1 Bc6 11. a3 O-O 12. b4 a6 13. Qe1 Re8 14. Qf2 Nbd7
15. Rae1 Bb5 16. Bb3 c6 17. Ne4 Bxe2 18. Qxe2 Qxd4 19. Bc3 Qa7 20. Ng5 Nf8 21.
f4 Nd5 22. Bb2 h6 {#} 23. Qh5 hxg5 24. fxg5 f6 25. c4 Nh7 26. g6 Nf8 27. cxd5
exd5 {#} 28. Bxd5+ cxd5 29. Qxd5+ Kh8 30. Rf5 1-0

[Event "Championnat de France - Open A"]
[Site "Chartres"]
[Date "2005.??.??"]
[Round "6.10"]
[White "Pietrasanta, Jeremy"]
[Black "Hamel, Olivier"]
[Result "1-0"]
[WhiteElo "2178"]
[BlackElo "2013"]
[PlyCount "89"]
[EventDate "2005.??.??"]

1. e4 e6 2. d3 d5 3. Nd2 Nf6 4. Ngf3 b5 5. g3 c5 6. Bg2 Bb7 7. O-O Na6 8. Re1
Qb6 9. c3 dxe4 10. dxe4 Rd8 11. Qe2 c4 12. a4 Nc5 13. e5 Ng4 14. h3 Nh6 15.
axb5 Nd3 16. Nxc4 Qc5 17. Nd6+ Bxd6 18. Qxd3 Bc7 19. Qe2 Nf5 20. g4 Ng3 21. Qe3
Ne4 22. Rxa7 Qxb5 23. Rxb7 Qxb7 24. Nd4 Bxe5 25. Bxe4 Bxd4 26. cxd4 Qb6 27. b3
Qxd4 28. Bc6+ Kf8 29. Qxd4 Rxd4 30. Be3 Rd8 31. Bc5+ Kg8 32. b4 Rc8 33. b5 h6
34. Bd4 Rd8 35. Be5 f6 36. Bc7 Rc8 37. b6 Kf7 38. Bd7 Ra8 39. Bxe6+ Kg6 40. b7
Raf8 41. Bd6 Rd8 42. Bf5+ Kg5 43. h4+ Kxh4 44. Bg3+ Kg5 45. f4# 1-0

[Event "Championnat de France - Open A"]
[Site "Chartres"]
[Date "2005.08.21"]
[Round "6.11"]
[White "Delafoy, Ludovic"]
[Black "Garbarino, Xavier"]
[Result "1/2-1/2"]
[WhiteElo "2080"]
[BlackElo "2191"]
[PlyCount "44"]
[EventDate "2005.??.??"]

1. e4 Nc6 2. Nf3 d6 3. d4 Nf6 4. Nc3 Bg4 5. Be2 e6 6. O-O Be7 7. Re1 O-O 8. d5
exd5 9. exd5 Bxf3 10. Bxf3 Ne5 11. Be2 a6 12. a4 Re8 13. a5 Ng6 14. Bd3 Nd7 15.
Ne4 Nc5 16. Nxc5 dxc5 17. Qh5 Bf6 18. Bd2 Qd6 19. Bxg6 hxg6 20. Qf3 Rab8 21.
Rxe8+ Rxe8 22. Bf4 Qd7 1/2-1/2

[Event "Championnat de France - Open A"]
[Site "Chartres"]
[Date "2005.08.21"]
[Round "6.12"]
[White "Aurel, Luc"]
[Black "Humeau, Cyril"]
[Result "1/2-1/2"]
[WhiteElo "2167"]
[BlackElo "2059"]
[PlyCount "85"]
[EventDate "2005.??.??"]

1. d4 d5 2. g3 e6 3. Bg2 f5 4. Nf3 Nf6 5. c4 c6 6. b3 Bd6 7. Bb2 Ne4 8. O-O O-O
9. Nfd2 Nd7 10. e3 b6 11. f3 Nxd2 12. Nxd2 Bb7 13. e4 f4 14. g4 e5 15. exd5
cxd5 16. cxd5 Bxd5 17. Nc4 Bxc4 18. bxc4 exd4 19. Bxd4 Bc5 20. Kh1 Bxd4 21.
Qxd4 Nc5 22. Rad1 Qxd4 23. Rxd4 Rad8 24. Rfd1 Ne6 25. Rd5 Kf7 26. Bf1 Ke7 27.
Bd3 Rxd5 28. cxd5 Ng5 29. Kg2 Kd6 30. h4 Nf7 31. Bxh7 Rh8 32. Bg6 Ne5 33. h5
Nxg6 34. hxg6 Rh6 35. Rc1 Kxd5 36. Rc7 Rxg6 37. Rxa7 Re6 38. Rxg7 Re2+ 39. Kf1
Rxa2 40. Rf7 Kd4 41. Rxf4+ Ke3 42. Rf5 b5 43. Rxb5 1/2-1/2

[Event "Championnat de France - Open A"]
[Site "Chartres"]
[Date "2005.08.21"]
[Round "6.24"]
[White "Laruelle, Joel"]
[Black "Malveau, Cedric"]
[Result "1/2-1/2"]
[WhiteElo "2146"]
[BlackElo "2010"]
[PlyCount "25"]
[EventDate "2005.??.??"]

1. c4 Nf6 2. Nc3 e6 3. d4 Bb4 4. e3 b6 5. Nge2 Ne4 6. Bd2 Nxd2 7. Qxd2 Bb7 8.
Ng3 f5 9. f4 Qf6 10. Be2 c5 11. O-O O-O 12. a3 Bxc3 13. Qxc3 1/2-1/2

[Event "Championnat de France - Open A"]
[Site "Chartres"]
[Date "2005.08.21"]
[Round "6.26"]
[White "Delorme, Laurie"]
[Black "Bourdonnais, Loic"]
[Result "1-0"]
[WhiteElo "2054"]
[BlackElo "2117"]
[PlyCount "47"]
[EventDate "2005.??.??"]

1. e4 d5 2. exd5 Nf6 3. d4 Bg4 4. Be2 Bxe2 5. Qxe2 Qxd5 6. Nf3 Nc6 7. c4 Qf5 8.
Nc3 O-O-O 9. d5 Nb4 10. O-O Nc2 11. Rb1 h6 12. a3 g5 13. Rd1 Bg7 14. Rd3 e5 15.
Qxc2 e4 16. Rd1 Rhe8 17. Be3 Ng4 18. Nd4 Qe5 19. g3 h5 20. Ncb5 Nxe3 21. Nxa7+
Kb8 22. Nac6+ bxc6 23. Nxc6+ Kc8 24. fxe3 1-0

[Event "Championnat de France - Open B"]
[Site "Chartres"]
[Date "2005.08.21"]
[Round "6.1"]
[White "Petitjean, Pierre"]
[Black "Pantioukhine, Slava"]
[Result "1-0"]
[WhiteElo "1985"]
[BlackElo "1989"]
[PlyCount "44"]
[EventDate "2005.??.??"]

1. g3 d5 2. Bg2 Nf6 3. Nf3 c6 4. d3 Bf5 5. O-O e6 6. Nbd2 Be7 7. c3 O-O 8. h3
h6 9. Re1 Nbd7 10. e4 Bh7 11. e5 Ne8 12. Nf1 Rc8 13. g4 a5 14. Ng3 b5 15. Be3
Nc7 16. Qd2 Na6 17. Nh5 Nac5 18. Bxh6 Nxd3 19. Bxg7 Nxe1 20. Rxe1 Re8 21. Qh6
f6 22. Bxf6 Nxf6 1-0

[Event "Championnat de France - Open B"]
[Site "Chartres"]
[Date "2005.08.21"]
[Round "6.2"]
[White "Grego, Pierre"]
[Black "Dureau, Laurent"]
[Result "1-0"]
[WhiteElo "1913"]
[BlackElo "1929"]
[PlyCount "113"]
[EventDate "2005.??.??"]

1. e4 c5 2. Nc3 Nc6 3. g3 g6 4. Bg2 Bg7 5. d3 e6 6. Be3 d6 7. f4 Nge7 8. Nf3
Nd4 9. O-O Rb8 10. e5 Nef5 11. Bf2 b5 12. Ne4 Bb7 13. c3 Nxf3+ 14. Bxf3 dxe5
15. fxe5 Bxe5 16. Nxc5 Bd5 17. d4 Bg7 18. g4 Ne7 19. Bg3 Rb6 20. Bxd5 Nxd5 21.
Qf3 O-O 22. Rae1 b4 23. Be5 bxc3 24. bxc3 Rb2 25. Bxg7 Kxg7 26. Qxf7+ Rxf7 27.
Nxe6+ Kh6 28. Nxd8 Rxf1+ 29. Rxf1 Ne3 30. Rf3 Rb1+ 31. Kf2 Nxg4+ 32. Kg3 Kh5
33. h3 Nh6 34. Kf4 Re1 35. Re3 Rf1+ 36. Ke5 Nf5 37. Rd3 Re1+ 38. Kd5 Ne3+ 39.
Kc6 Kh4 40. d5 Kxh3 41. d6 Kg2 42. d7 Nc4 43. Nf7 Na5+ 44. Kc7 Re7 45. Ne5 g5
46. Kc8 Rxe5 47. d8=Q Rc5+ 48. Kd7 Nc4 49. Qa8+ Kh2 50. Ke7 g4 51. Qb8+ Re5+
52. Kf6 g3 53. Qg8 Re3 54. Qxh7+ Kg1 55. Rd1+ Kf2 56. Qc2+ Re2 57. Qf5+ 1-0

[Event "Championnat de France - Open B"]
[Site "Chartres"]
[Date "2005.08.21"]
[Round "6.3"]
[White "Le Clezio, Sylvain"]
[Black "Mestdagh, Franck"]
[Result "1/2-1/2"]
[WhiteElo "1883"]
[BlackElo "1924"]
[PlyCount "92"]
[EventDate "2005.??.??"]

1. e4 c5 2. Nc3 e6 3. f4 d5 4. exd5 exd5 5. Bb5+ Nc6 6. Nf3 Nf6 7. O-O Be7 8.
Bxc6+ bxc6 9. Ne5 Qc7 10. Re1 Bb7 11. Qf3 c4 12. Ne2 Bc5+ 13. Kh1 O-O 14. d4
cxd3 15. Nxd3 Bb6 16. Ng3 c5 17. Nf5 Qd7 18. Ne7+ Kh8 19. Ne5 Qc7 20. Nf5 Ne4
21. Ng3 Nxg3+ 22. Qxg3 f6 23. Nf3 Rae8 24. Bd2 d4 25. Rxe8 Rxe8 26. Re1 Rxe1+
27. Qxe1 Qf7 28. b3 Bxf3 29. gxf3 f5 30. Ba5 Bxa5 31. Qxa5 Qe7 32. Qd2 g6 33.
Kg2 Kg7 34. Kf2 Kh6 35. Kf1 Qh4 36. Kg2 g5 37. fxg5+ Qxg5+ 38. Qxg5+ Kxg5 39.
Kg3 f4+ 40. Kf2 Kf5 41. Ke2 Ke5 42. Kd3 Kd5 43. a3 a6 44. c3 dxc3 45. Kxc3 Kc6
46. Kd3 Kd5 1/2-1/2

[Event "Championnat de France - Open B"]
[Site "Chartres"]
[Date "2005.08.21"]
[Round "6.4"]
[White "Levesque, Thomas"]
[Black "Charpentier, Denis"]
[Result "1/2-1/2"]
[WhiteElo "1989"]
[BlackElo "1917"]
[PlyCount "131"]
[EventDate "2005.??.??"]

1. f4 d5 2. Nf3 Nf6 3. e3 g6 4. d4 Bg7 5. Bd3 O-O 6. O-O b6 7. Qe2 Bb7 8. b3
Nbd7 9. Bb2 c5 10. c3 Rc8 11. Nbd2 Ne4 12. Rac1 Ndf6 13. Ne5 Nxd2 14. Qxd2 Ne4
15. Bxe4 dxe4 16. Ng4 Qd7 17. Nf2 Rfd8 18. Rfd1 e6 19. Qe2 Qc7 20. Rd2 c4 21.
Ba3 Bd5 22. Qd1 Qb7 23. Qc2 Rc6 24. Nxe4 f5 25. Ng3 b5 26. Bc5 Bf8 27. b4 a5
28. a3 Ra8 29. Rb1 axb4 30. axb4 Rca6 31. Bxf8 Kxf8 32. Rb2 Ra1+ 33. Rd1 R1a3
34. Rc1 R8a4 35. Qf2 Qa7 36. h3 Ra1 37. Rxa1 Rxa1+ 38. Kh2 Qa3 39. Qc2 Re1 40.
Ra2 Qb3 41. Qd2 Rxe3 42. Qxe3 Qxa2 43. Ne2 Qc2 44. Kg1 Be4 45. Kf2 Qd3 46. Qxd3
cxd3 47. Ng1 Bxg2 48. Ke3 Ke7 49. Kxd3 Kd6 50. h4 Kd5 51. Ke3 Kc4 52. Kd2 Kd5
53. Kd3 Bf1+ 54. Ke3 Bg2 55. Ne2 Kc4 56. Kd2 Bf3 57. Ng3 Bg2 58. Kc2 Be4+ 59.
Kd2 Bg2 60. Ne2 Bf3 61. Nc1 Be4 62. Ne2 Bf3 63. Ng3 Bg2 64. Kc2 Be4+ 65. Kd2
Bg2 66. Kc2 1/2-1/2

[Event "Championnat de France - Open B"]
[Site "Chartres"]
[Date "2005.08.21"]
[Round "6.5"]
[White "Bleuzen, Erwan"]
[Black "Elice, Florent"]
[Result "1/2-1/2"]
[WhiteElo "1994"]
[BlackElo "1930"]
[PlyCount "38"]
[EventDate "2005.??.??"]

1. d4 Nf6 2. Nf3 e6 3. c4 b6 4. Nc3 Bb7 5. e3 Bb4 6. Bd3 Ne4 7. Qc2 f5 8. O-O
Bxc3 9. bxc3 O-O 10. Nd2 Nxd2 11. Bxd2 Qh4 12. f3 d6 13. d5 Qf6 14. e4 exd5 15.
cxd5 Nd7 16. Be3 f4 17. Bd4 Ne5 18. c4 Nxf3+ 19. Rxf3 Qxd4+ 1/2-1/2

[Event "Championnat de France - Open B"]
[Site "Chartres"]
[Date "2005.08.21"]
[Round "6.6"]
[White "Chin, David"]
[Black "Deleva, Mathias"]
[Result "1-0"]
[WhiteElo "1876"]
[BlackElo "1990"]
[PlyCount "65"]
[EventDate "2005.??.??"]

1. e4 e6 2. d4 d5 3. c4 dxe4 4. Nc3 Nf6 5. Nge2 c6 6. Bg5 Nbd7 7. g3 h6 8. Bd2
c5 9. Bg2 cxd4 10. Nxe4 Nxe4 11. Bxe4 Nc5 12. Bb1 e5 13. b4 Ne6 14. O-O Ng5 15.
f4 d3 16. fxg5 dxe2 17. Qxe2 Qd4+ 18. Qe3 Qxe3+ 19. Bxe3 Bxb4 20. gxh6 gxh6 21.
Be4 a5 22. Rf6 Be7 23. Rxh6 Rxh6 24. Bxh6 f5 25. Bd5 Bc5+ 26. Kg2 Ke7 27. Rb1
Rb8 28. Rb5 b6 29. Bg7 Bd6 30. h4 Be6 31. h5 Rg8 32. h6 Bc7 33. h7 1-0

[Event "Championnat de France - Open B"]
[Site "Chartres"]
[Date "2005.08.21"]
[Round "6.7"]
[White "Pierre, Timothee"]
[Black "Castel, Efflam"]
[Result "1/2-1/2"]
[WhiteElo "1971"]
[BlackElo "1890"]
[PlyCount "66"]
[EventDate "2005.??.??"]

1. e4 d5 2. exd5 Qxd5 3. Nc3 Qa5 4. d3 Nf6 5. Bd2 c6 6. Be2 e5 7. Nf3 Bg4 8.
O-O Nbd7 9. Re1 Bxf3 10. Bxf3 Qc7 11. a3 Bd6 12. h3 O-O 13. Bg5 Rfe8 14. Qd2 h6
15. Bh4 Bc5 16. b4 Bd4 17. Rad1 a6 18. Ne4 Nxe4 19. dxe4 Nf8 20. c3 Bb6 21. Qd6
Ng6 22. Bg3 Rad8 23. Qxc7 Bxc7 24. a4 Rxd1 25. Rxd1 Rd8 26. Rxd8+ Bxd8 27. c4
b5 28. axb5 axb5 29. cxb5 cxb5 30. Be2 Be7 31. Bxb5 Bxb4 32. f3 Bc5+ 33. Kh2 f6
1/2-1/2

[Event "Championnat de France - Open B"]
[Site "Chartres"]
[Date "2005.08.21"]
[Round "6.8"]
[White "Caroll, John"]
[Black "Zermiche, Cherif"]
[Result "0-1"]
[WhiteElo "1900"]
[BlackElo "1971"]
[PlyCount "130"]
[EventDate "2005.??.??"]

1. e4 c5 2. Nf3 a6 3. c4 Nc6 4. d4 cxd4 5. Nxd4 Nf6 6. Nc3 d6 7. Be2 g6 8. Be3
Bg7 9. f3 O-O 10. O-O Nxd4 11. Bxd4 Be6 12. Qd2 Qa5 13. Rfd1 Rfc8 14. b3 Rab8
15. a4 Qb4 16. a5 Nd7 17. Bxg7 Kxg7 18. Qd4+ Kg8 19. Nd5 Bxd5 20. exd5 Qxb3 21.
Rdb1 Qc2 22. Rb2 Qf5 23. Rab1 Nc5 24. Rb6 Qd7 25. Bd1 Rc7 26. Bc2 Rbc8 27. Bd3
Na4 28. R6b4 Nc5 29. Rb6 Nxd3 30. Qxd3 Qa4 31. Rxb7 Qxa5 32. Qe3 Rxc4 33. Rxe7
Qxd5 34. Re1 a5 35. Qh6 Qc5+ 36. Kf1 Rc1 37. Re8+ Rxe8 38. Rxc1 Qb5+ 39. Kf2
Qb2+ 40. Kg3 a4 41. h4 a3 42. Qf4 Qe5 43. Qxe5 Rxe5 44. Rc8+ Kg7 45. Ra8 Re3
46. Kf4 Re2 47. Rxa3 Rxg2 48. Rd3 Kh6 49. Rxd6 Kh5 50. Rd7 Kxh4 51. Rxf7 g5+
52. Ke3 h5 53. f4 g4 54. f5 Rb2 55. f6 g3 56. Rg7 Kh3 57. f7 Rf2 58. Rh7 h4 59.
Rg7 Kh2 60. Rg4 Kh3 61. Rf4 Rxf4 62. Kxf4 g2 63. f8=Q g1=Q 64. Qf5+ Kh2 65.
Qc2+ Qg2 0-1

[Event "Championnat de France - Open B"]
[Site "Chartres"]
[Date "2005.08.21"]
[Round "6.9"]
[White "Lavergne, Henri-Jean"]
[Black "Wojtkowski, Frederic"]
[Result "1-0"]
[WhiteElo "1968"]
[BlackElo "1859"]
[PlyCount "57"]
[EventDate "2005.??.??"]

1. c4 c5 2. g3 e6 3. Bg2 Nf6 4. Nf3 Be7 5. O-O O-O 6. b3 Nc6 7. Bb2 d5 8. Ne5
Nxe5 9. Bxe5 Nd7 10. Bb2 d4 11. e4 e5 12. f4 Rb8 13. f5 a6 14. a4 Nf6 15. d3
Bd7 16. Bc1 Ne8 17. h4 Nc7 18. Nd2 Bc6 19. Qh5 Qd6 20. Nf3 f6 21. Qg4 Kh8 22.
h5 Be8 23. Nh4 Rg8 24. Ng6+ Bxg6 25. hxg6 h6 26. Kf2 Rgc8 27. Bxh6 Kg8 28. Qh5
Bf8 29. Bd2 1-0

[Event "Championnat de France - Open B"]
[Site "Chartres"]
[Date "2005.08.21"]
[Round "6.10"]
[White "Toussirot, Stephen"]
[Black "Denes, Maxime"]
[Result "1-0"]
[WhiteElo "1839"]
[BlackElo "1950"]
[PlyCount "59"]
[EventDate "2005.??.??"]

1. d4 Nf6 2. c4 g6 3. f3 d6 4. e4 Bg7 5. Be3 O-O 6. Nc3 e5 7. Nge2 Nc6 8. Qd2
Re8 9. O-O-O a6 10. h4 b5 11. h5 Nxh5 12. g4 Nf6 13. Bh6 Bh8 14. Bg2 exd4 15.
Nd5 bxc4 16. Nef4 c3 17. Qf2 cxb2+ 18. Kb1 Nxd5 19. Nxd5 Be6 20. f4 Bxd5 21.
exd5 Na5 22. Bg5 f6 23. Rxh7 Kxh7 24. Qh4+ Kg8 25. Rh1 Kf7 26. Qh7+ Bg7 27. Bh6
Rg8 28. f5 Qf8 29. Re1 Rh8 30. fxg6# 1-0

[Event "Championnat de France - Open C"]
[Site "Chartres"]
[Date "2005.??.??"]
[Round "6.1"]
[White "Mopin, Stephane"]
[Black "Falais, Jean-Francois"]
[Result "1-0"]
[WhiteElo "1700"]
[BlackElo "1700"]
[PlyCount "140"]
[EventDate "2005.??.??"]

1. e4 d5 2. exd5 Qxd5 3. Nc3 Qe5+ 4. Be2 c6 5. d4 Qc7 6. Nf3 Bg4 7. h3 Bxf3 8.
Bxf3 e6 9. Be3 Bb4 10. a3 Bxc3+ 11. bxc3 Nf6 12. c4 Nbd7 13. O-O h6 14. a4 Nh7
15. Qd2 g5 16. a5 Ke7 17. Qb4+ Kf6 18. Rfb1 Rab8 19. d5 c5 20. Qb2+ Kg6 21.
dxe6 fxe6 22. Bxb7 Nhf6 23. a6 h5 24. Qc3 g4 25. h4 Kf7 26. Qd2 Rhd8 27. Qe2
Qe5 28. Rd1 Nb6 29. Ra5 Rxd1+ 30. Qxd1 Nfd7 31. Qd3 Kg7 32. Bd2 Qc7 33. Bc3+
Nf6 34. Qe3 Nbd7 35. Bxf6+ Kxf6 36. Qg5+ Kf7 37. Qxh5+ Ke7 38. Ra1 Qe5 39. Qxe5
Nxe5 40. Re1 Kf6 41. Re4 Rd8 42. Rf4+ Ke7 43. Kf1 Rd2 44. Be4 Rd1+ 45. Ke2 Rd4
46. Ke3 Nxc4+ 47. Ke2 Nd6 48. f3 gxf3+ 49. gxf3 Nf5 50. Rg4 Nd6 51. Bd3 Rxg4
52. fxg4 c4 53. Bg6 Kf6 54. h5 Nb5 55. Ke3 Nc7 56. Kd4 Nxa6 57. Kxc4 Nc7 58.
Be4 Ne8 59. Kc5 a5 60. Bf3 Nc7 61. c4 e5 62. Bd1 Ne8 63. Kb6 Nd6 64. c5 Nc4+
65. Kb5 Ne3 66. c6 Nxd1 67. c7 Nc3+ 68. Kc5 Na4+ 69. Kc6 e4 70. c8=Q e3 1-0

[Event "Championnat de France - Open C"]
[Site "Chartres"]
[Date "2005.??.??"]
[Round "6.2"]
[White "Katzahian, Michel"]
[Black "Jophe, Jacky"]
[Result "0-1"]
[WhiteElo "1638"]
[BlackElo "1700"]
[PlyCount "86"]
[EventDate "2005.??.??"]

1. d4 Nf6 2. c4 e6 3. Nf3 Bb4+ 4. Bd2 Qe7 5. a3 Bxd2+ 6. Nbxd2 a5 7. e4 d6 8.
b4 e5 9. d5 b6 10. Be2 O-O 11. O-O h6 12. Qc2 Nh7 13. Bd3 g5 14. h3 g4 15. hxg4
Bxg4 16. Nh2 Qg5 17. Ndf3 Qg7 18. Nxg4 Qxg4 19. Nh2 Qg5 20. c5 bxc5 21. bxc5
Nd7 22. c6 Nc5 23. Be2 f5 24. Bd3 fxe4 25. Bxe4 Nf6 26. Bd3 Kh8 27. Bc4 Rg8 28.
f3 Rg7 29. Ra2 Nh5 30. Rd1 Rag8 31. Qf2 Nf4 32. Kh1 h5 33. Bf1 e4 34. Qe3 exf3
35. Nxf3 Qg3 36. Rdd2 h4 37. Qd4 Nb3 38. Qf6 Nxd2 39. Rxd2 Ng6 40. Rd4 Rf8 41.
Rxh4+ Qxh4+ 42. Nxh4 Rxf6 43. Nxg6+ Rfxg6 0-1

[Event "Championnat de France - Open C"]
[Site "Chartres"]
[Date "2005.??.??"]
[Round "6.3"]
[White "Saint-Paul, Guillaume"]
[Black "Larribere, Hadrien"]
[Result "0-1"]
[WhiteElo "1620"]
[BlackElo "1670"]
[PlyCount "52"]
[EventDate "2005.??.??"]

1. d4 Nf6 2. e3 d5 3. Bd3 g6 4. b3 c6 5. Bb2 Bg7 6. Nd2 O-O 7. Ngf3 Bg4 8. h3
Bd7 9. O-O Qc8 10. Ne5 Nh5 11. Nxd7 Nxd7 12. Nf3 f5 13. c4 Ndf6 14. cxd5 cxd5
15. Rc1 Qd7 16. Ne5 Qd6 17. g4 Qe6 18. gxh5 gxh5 19. Qf3 Ne4 20. Bxe4 fxe4 21.
Qxh5 Rf5 22. Qg4 Kh8 23. Kh2 Rg8 24. Qh4 Bf6 25. Nf7+ Qxf7 26. Qh6 Bg5 0-1

[Event "Championnat de France - Open C"]
[Site "Chartres"]
[Date "2005.??.??"]
[Round "6.4"]
[White "Meslin, Lancelot"]
[Black "Ababsa, Tufek"]
[Result "1/2-1/2"]
[WhiteElo "1550"]
[BlackElo "1700"]
[PlyCount "104"]
[EventDate "2005.??.??"]

1. e4 e6 2. d4 d5 3. exd5 exd5 4. Nf3 Nf6 5. Bd3 Bd6 6. O-O O-O 7. Bg5 h6 8.
Bh4 Be6 9. Nc3 c6 10. Re1 Nbd7 11. Qd2 Qb6 12. Na4 Qc7 13. Nc3 Nh5 14. Bg3 Nxg3
15. fxg3 Rfe8 16. Ne2 Nf6 17. Nf4 Bd7 18. Rxe8+ Rxe8 19. Re1 Ne4 20. Qc1 g5 21.
Nh5 Qd8 22. h3 Nxg3 23. Rxe8+ Bxe8 24. Nxg3 Bxg3 25. Qe3 Bf4 26. Qf2 Qe7 27.
Kh1 Bd7 28. Nh2 Qe3 29. Qxe3 Bxe3 30. c3 Bc1 31. Ng4 Bxg4 32. hxg4 Bxb2 33. c4
Bxd4 34. cxd5 cxd5 35. Be2 b5 36. Bf3 b4 37. Bxd5 Kg7 38. Kh2 f6 39. Kg3 Kf8
40. Kf3 Ke7 41. Ke4 Be5 42. Kf5 Kd6 43. Ke4 Kc5 44. Bb3 a6 45. Kd3 Kb5 46. Bc4+
Ka4 47. Bxa6 Ka3 48. Bc4 Kb2 49. Bb3 Bf4 50. Ke2 Kc3 51. Kf3 Kd4 52. Be6 Be5
1/2-1/2

[Event "Championnat de France - Open C"]
[Site "Chartres"]
[Date "2005.??.??"]
[Round "6.5"]
[White "Eber, Raoul"]
[Black "Trannoy, Arthur"]
[Result "1-0"]
[WhiteElo "1480"]
[BlackElo "1700"]
[PlyCount "67"]
[EventDate "2005.??.??"]

1. e4 c5 2. Nf3 d6 3. d4 cxd4 4. Nxd4 Nf6 5. Nc3 g6 6. Be2 Bg7 7. Be3 O-O 8.
Qd2 Nc6 9. f3 Qa5 10. Nb3 Qc7 11. Nd4 Nxd4 12. Bxd4 a6 13. g4 Rd8 14. g5 e5 15.
gxf6 exd4 16. Nd5 Qc5 17. fxg7 Kxg7 18. O-O-O Kg8 19. Qh6 f5 20. b4 Qa7 21. Bc4
Be6 22. exf5 b5 23. Bb3 a5 24. fxe6 a4 25. Nf6+ Kh8 26. Bd5 Rac8 27. Be4 Rc7
28. Bxg6 Rdc8 29. Bxh7 Rxh7 30. Qxh7+ Qxh7 31. Nxh7 Kxh7 32. Rhg1 Re8 33. Rde1
Kh6 34. Kd2 1-0